000 01044nam a2200301 i 4500
003 CO-BoRNBP
005 20240215162412.0
007 ta
008 200401s2004 ck a 000 0 spa d
020 _a9583011592
040 _aCO-BoRNBP
_bspa
_erda
_cCO-BoRNBP
041 0 _aspa
084 _aC ARD2
100 1 _aArdila, Emma Lucía
_d1957-
_eautora
_941440
245 1 3 _aLa cazadora casada
_cEmma Lucía Ardila ; ilustrado por Neftalí Vanegas Menguán
250 _aPrimera edición
264 1 _aBogotá, Colombia
_bPanamericana
_c2003
300 _a47 páginas
_bilustraciones a color
_c21 cm
336 _atexto
_btxt
_2rdacontent
337 _asin mediación
_bn
_2rdamedia
338 _avolumen
_bnc
_2rdacarrier
490 0 _aOA Infantil
650 1 7 _aCuentos infantiles colombianos
_ySiglo XX
_2ARMARC
_92372
650 1 7 _aLiteratura infantil colombiana
_ySiglo XX
_2ARMARC
_9364
650 1 7 _aArañas en la literatura infantil
_2ARMARC
_941441
700 1 _aVanegas Menguán, Neftalí
_eilustrador
_92363
942 _2loc
_cBKLITI
999 _c38138
_d38138